Madari patragalu. panchavarshika yojaneya pustaka male (Record no. 87411)
[ view plain ]
| 000 -LEADER | |
|---|---|
| fixed length control field | 00883nam a2200265Ia 4500 |
| 003 - CONTROL NUMBER IDENTIFIER | |
| control field | OSt |
| 005 - DATE AND TIME OF LATEST TRANSACTION | |
| control field | 20250602095702.0 |
| 008 - FIXED-LENGTH DATA ELEMENTS--GENERAL INFORMATION | |
| fixed length control field | 210210b1983 xxu||||| |||| 00| 0 eng d |
| 040 ## - CATALOGING SOURCE | |
| Transcribing agency | AL |
| 041 ## - LANGUAGE CODE | |
| Language code of text/sound track or separate title | Kannada |
| 082 ## - DEWEY DECIMAL CLASSIFICATION NUMBER | |
| Classification number | 651.75K SIDM |
| 100 ## - MAIN ENTRY--PERSONAL NAME | |
| Personal name | SIDDARAJU (S R) |
| Dates associated with a name | ಸಿದ್ದರಾಜು (ಎಸ್ ಅರ್) |
| 9 (RLIN) | 212116 |
| 245 ## - TITLE STATEMENT | |
| Title | Madari patragalu. panchavarshika yojaneya pustaka male |
| Remainder of title | ಮಾದರಿ ಪತ್ರಗಳು: ಪಂಚವಾರ್ಷಿಕ ಯೋಜನೆಯ ಪುಸ್ತಕ ಮಾಲೆ |
| 260 ## - PUBLICATION, DISTRIBUTION, ETC. | |
| Place of publication, distribution, etc. | Bengaluru. |
| Name of publisher, distributor, etc. | Kannada Sahitya Parishattu, |
| Date of publication, distribution, etc. | 1983 |
| 300 ## - PHYSICAL DESCRIPTION | |
| Extent | viii,107 |
| 650 ## - SUBJECT ADDED ENTRY--TOPICAL TERM | |
| Topical term or geographic name entry element | yojaneya |
| 9 (RLIN) | 212117 |
| 650 ## - SUBJECT ADDED ENTRY--TOPICAL TERM | |
| Topical term or geographic name entry element | pustaka |
| 9 (RLIN) | 212118 |
| 650 ## - SUBJECT ADDED ENTRY--TOPICAL TERM | |
| Topical term or geographic name entry element | patragalu. |
| 9 (RLIN) | 212119 |
| 650 ## - SUBJECT ADDED ENTRY--TOPICAL TERM | |
| Topical term or geographic name entry element | Panchavarshika |
| 9 (RLIN) | 212120 |
| 650 ## - SUBJECT ADDED ENTRY--TOPICAL TERM | |
| Topical term or geographic name entry element | male |
| 9 (RLIN) | 212121 |
| 650 ## - SUBJECT ADDED ENTRY--TOPICAL TERM | |
| Topical term or geographic name entry element | Madari |
| 9 (RLIN) | 212122 |
| 690 ## - LOCAL SUBJECT ADDED ENTRY--TOPICAL TERM (OCLC, RLIN) | |
| Topical term or geographic name as entry element | Correspondence |
| 9 (RLIN) | 212123 |
| 906 ## - LOCAL DATA ELEMENT F, LDF (RLIN) | |
| a | 036739 |
| 942 ## - ADDED ENTRY ELEMENTS (KOHA) | |
| Source of classification or shelving scheme | Dewey Decimal Classification |
| Koha item type | Book |
| Withdrawn status | Lost status | Source of classification or shelving scheme | Damaged status | Not for loan | Collection code | Home library | Current library | Shelving location | Date acquired | Cost, normal purchase price | Total Checkouts | Full call number | Barcode | Date last seen | Price effective from | Koha item type |
|---|---|---|---|---|---|---|---|---|---|---|---|---|---|---|---|---|
| Dewey Decimal Classification | Management | St Aloysius Library | St Aloysius Library | 02/17/2021 | 5.00 | 651.75K SIDM | 036739 | 02/17/2021 | 02/17/2021 | Book |